Stellungnahme zum Referentenentwurf des BMJ zu einem Gesetz zur Strafbarkeit der gewerbsmäßigen Förderung der Selbsttötung

Saved in:  
Bibliographic Details
Authors: Freund, Georg 1956- (Author) ; Timm, Frauke (Author)
Format: Print Article
Language:German
Published: 2012
In: Goltdammer's Archiv für Strafrecht
Year: 2012, Volume: 159, Issue: 8, Pages: 491-497
Check availability: HBZ Gateway
Keywords:

MARC

LEADER 00000caa a2200000 c 4500
001 1634508092
003 DE-627
005 20220608100840.0
007 tu
008 120903s2012 xx ||||| 00| ||ger c
035 |a (DE-627)1634508092 
035 |a (DE-576)370588835 
035 |a (DE-599)BSZ370588835 
040 |a DE-627  |b ger  |c DE-627  |e rakwb 
041 |a ger 
100 1 |a Freund, Georg  |d 1956-  |0 (DE-588)137251572  |0 (DE-627)591036193  |0 (DE-576)164273972  |4 aut 
109 |a Freund, Georg 1956- 
245 1 0 |a Stellungnahme zum Referentenentwurf des BMJ zu einem Gesetz zur Strafbarkeit der gewerbsmäßigen Förderung der Selbsttötung  |c von Georg Freund; Frauke Timm 
264 1 |c 2012 
336 |a Text  |b txt  |2 rdacontent 
337 |a ohne Hilfsmittel zu benutzen  |b n  |2 rdamedia 
338 |a Band  |b nc  |2 rdacarrier 
700 1 |a Timm, Frauke  |4 aut 
773 0 8 |i In  |t Goltdammer's Archiv für Strafrecht  |d Heidelberg : C. F. Müller, 1953  |g 159(2012), 8, Seite 491-497  |w (DE-627)129061425  |w (DE-600)457-1  |w (DE-576)014392208  |x 0017-1956  |7 nnas 
773 1 8 |g volume:159  |g year:2012  |g number:8  |g pages:491-497 
951 |a AR 
ELC |b 1 
LOK |0 000 xxxxxcx a22 zn 4500 
LOK |0 001 3289661571 
LOK |0 003 DE-627 
LOK |0 004 1634508092 
LOK |0 005 20150826121907 
LOK |0 008 150826||||||||||||||||ger||||||| 
LOK |0 040   |a DE-21-110  |c DE-627  |d DE-21-110 
LOK |0 689   |a s  |a Gewerbsmäßige Förderung der Selbsttötung 
LOK |0 689   |a s  |a Suizidteilnahme 
LOK |0 689   |a s  |a Freiverantwortlicher Suizid 
LOK |0 689   |a s  |a Gewerbsmäßige Suizidteilnahme 
LOK |0 689   |a s  |a Sterbehilfe 
LOK |0 852   |z Kein Bestand am IfK; Nachweis für KrimDok 
LOK |0 852   |a DE-21-110 
LOK |0 852 1  |m v  |9 00 
LOK |0 938   |k v 
LOK |0 939   |a 26-08-15  |b l01 
ORI |a SA-MARC-krimdoka001.raw